000 00318nam a2200133Ia 4500
005 20251222144919.0
008 251222s9999||||xx |||||||||||||| ||spa||
020 _a85-323-0770-1
082 _a302.234.5/V11
100 _aVasallo de Lopes M.
245 0 _aViviendo como Telenovela:
264 _bSummus
942 _cLIB
999 _c22632
_d22632